000 01157nam2a22002771 4500
001 rc\4529003
005 20130416181536.7
035 _a(NLR Aleph) 008355401
090 _a8964023
_c8964023
100 _a20130416d1968 |||y0rusy50 ca
101 0 _arus
102 _aRU
105 _aa z |||||
200 1 _aКибернетические вопросы биологии
_fПод общ. ред. [и с предисл.] Р.Л. Берг и А.А. Ляпунова
_gАН СССР... Ин-т цитологии и генетики
210 _d1968
215 _a224 с.
_cчерт.
320 _aБиблиогр.: с. 222-223
461 0 _1001rc\4528999
_12001#$aКибернетика в монографиях$e1-$fАкад. наук СССР. Ин-т математики Сиб. отд-ния. Ин-т языкознания$v4
700 1 _aШмальгаузен
_bИ. И.
702 1 _aБерг
_bР. Л.
_f1913-2006
_gРаиса Львовна
_3RU\NLR\AUTH\770194029
_4340
_4080
702 1 _aЛяпунов
_bА. А.
_4340
_4080
801 0 _aRU
_bNLR
_gpsbo
801 1 _aRU
_bELAR
_2rusmarc
852 _aNLR
_j65-7/1241
942 _cBOOK
980 _aNB